000 00284nam a22001337a 4500
020 _a9780673382230
041 _aeng
080 _a62
090 _bSUL
100 _aSullivan, Rick.
245 _aInsiders Guide to ENABLE: Tips and Techniques.
650 _aScience
999 _c279500
_d279500
942 _cBK